000 01018nam0a2200289 4500
001 RU\NLR\bibl\92302
005 20250617080101.0
021 _aRU
_b2000-3026
_9114
035 _a(NLR Aleph) 000090214
090 _a505892
_c505892
100 _a20000615d2000 |||y0rusy50 ca
101 0 _arus
102 _aRU
105 _ay |||||||||
200 1 _aВсеобщая конфедерация профсоюзов: вчера, сегодня, завтра
210 _aМ.
_cПрофиздат
_d2000
215 _a109, [1] с.
_d20
225 1 _aБиблиотечка профсоюзного активиста
_x0201-7636
_vN 1
601 1 2 _aВсеобщая конфедерация профсоюзов
_91992818
_3RU\NLR\auth\661200572
601 0 2 _aВсеобщая конфедерация профсоюзов
_2psbo
686 _aФ72(2)274-301.11
801 0 _aRU
_bNLR
_c20000615
_gPSBO
801 1 _aRU
_bNLR
_c20000615
852 _aNLR
_j2000-3/4446
942 _cBOOK
980 _aNB